A Window into Hope : (Record no. 4087)

MARC details
000 -LEADER
fixed length control field 00793cam a2200253 a 4500
001 - CONTROL NUMBER
control field 198747
003 - CONTROL NUMBER IDENTIFIER
control field OSt
005 - DATE AND TIME OF LATEST TRANSACTION
control field 20260211111048.0
008 - FIXED-LENGTH DATA ELEMENTS--GENERAL INFORMATION
fixed length control field 990211s1993 za f000 0 eng
010 ## - LIBRARY OF CONGRESS CONTROL NUMBER
LC control number 98980999
040 ## - CATALOGING SOURCE
Original cataloging agency DLC
Transcribing agency DLC
Modifying agency DLC
042 ## - AUTHENTICATION CODE
Authentication code lcode
043 ## - GEOGRAPHIC AREA CODE
Geographic area code f-za---
050 00 - LIBRARY OF CONGRESS CALL NUMBER
Classification number RA643.86.Z33
Item number Z366 1993a
082 00 - DEWEY DECIMAL CLASSIFICATION NUMBER
Classification number 362.1969
Edition number 21
Item number ROB
110 ## - MAIN ENTRY--CORPORATE NAME
Corporate name or jurisdiction name as entry element World Council of Churches
9 (RLIN) 8
245 14 - TITLE STATEMENT
Title A Window into Hope :
Remainder of title An Invitation to Faith in the Context of HIV and AIDS
Statement of responsibility, etc. World Council of Churches
260 ## - PUBLICATION, DISTRIBUTION, ETC. (IMPRINT)
Place of publication, distribution, etc. Geneva, SwitzerlaND
Name of publisher, distributor, etc. The Programme,
Date of publication, distribution, etc. 2009
300 ## - PHYSICAL DESCRIPTION
Extent 251 p. ;
Dimensions 30 cm.
504 ## - BIBLIOGRAPHY, ETC. NOTE
Bibliography, etc Contains a Bibliography
650 #0 - SUBJECT ADDED ENTRY--TOPICAL TERM
Topical term or geographic name as entry element AIDS (Disease) in adolescence
Geographic subdivision Zambia
General subdivision Prevention.
906 ## - LOCAL DATA ELEMENT F, LDF (RLIN)
a 7
b cbc
c origode
d 3
e ncip
f 19
g y-gencatlg
942 ## - ADDED ENTRY ELEMENTS (KOHA)
Koha item type Books
Source of classification or shelving scheme Dewey Decimal Classification
Holdings
Withdrawn status Lost status Source of classification or shelving scheme Damaged status Not for loan Home library Current library Date acquired Total Checkouts Full call number Barcode Date last seen Price effective from Koha item type
    Dewey Decimal Classification     Bunge Tower Library Bunge Tower Library 02/04/2025   362.1969 ROB 2025/0051 02/04/2025 02/04/2025 Books
LIBRARY OPENING HOURS

When the Parliament is sitting: 8.00a.m - 7.00p.m or until the house adjourns
Mondays and Fridays and when the House is on Recess:  8.00a.m - 5.00p.m
Closed on Weekends and Public Holidays

Online Public Access Catalog (OPAC)
Website: http://www.parliament.go.ke
Bunge Library: https://libraryir.parliament.go.ke
Contact: library@parliament.go.ke | Tel no: (254-2)2221291 or 2848000 Ext 5043